000 00700nam a2200229 a 4500
001 BRCA_6180
005 20190320205348.0
008 110711s1929----enk#######---#000-0#eng-#
041 _aeng
_hger
044 _aenk
050 4 _aPZ3
_b.R465 A1
_c1929
100 1 _aRemarque, Erich Maria
_d1898-1970.
_915561
245 1 0 _aAll quiet on the western front
_cErich Maria Remarque; translated from the German by A. W. Wheen.
260 _aLondres
_bG. P. Putman“s Sons
_c1929
300 _a319 p.
_c19 cm.
500 _aK63
650 1 4 _aGuerra Europea, 1914-1918
_eNovela
_97797
650 1 4 _aLiteratura Alemana
_96160
700 1 _aWheen, Arthur Wesley
_etr.
_915562
902 _aGFM
942 _2lcc
_cB
999 _c5867
_d5867